مكتبة جامعة عجلون الوطنية

فهرس بحث المكتبة

Normal view MARC view
  • الرياضيات - الاقتصاد الاداري

Entry Topical Term

Number of records used in: 1

001 - CONTROL NUMBER

  • control field: 33353

003 - CONTROL NUMBER IDENTIFIER

  • control field: JO-AjAnu

005 - DATE AND TIME OF LATEST TRANSACTION

  • control field: 20230606075609.0

008 - FIXED-LENGTH DATA ELEMENTS

  • fixed length control field: 230606|| aca||aabn | a|a d

040 ## - CATALOGING SOURCE

  • Original cataloging agency: JO-AjAnu
  • Transcribing agency: JO-AjAnu

150 ## - HEADING--TOPICAL TERM

  • Topical term or geographic name entry element: الرياضيات - الاقتصاد الاداري

670 ## - SOURCE DATA FOUND

  • Source citation: Work cat.: (JO-AjAnu)17134: هويل، بول/ م . مشارك حسن العزة, author 33352,  مبادىء الرياضيات و تطبيقاتها في الاقتصاد و التجارة و العلوم الإدارية